Every Block in Nether Dimension - Statistics

General Stats
  • This quiz has been taken 9 times
  • The average score is 13 of 45
Answer Stats
Blocks % Correct
Netherrack
88%
Soul Sand
75%
Soul Soil
75%
Blackstone
63%
Blackstone
63%
Chiseled Polished Blackstone
63%
Gilded Blackstone
63%
Polished Blackstone
63%
Ancient Debris
38%
Block of Quartz
38%
Chiseled Nether Bricks
38%
Cracked Nether Bricks
38%
Nether Bricks
38%
Nether Gold Ore
38%
Red Nether Bricks
38%
Warped Wart Block
38%
Basalt
25%
Chiseled Quartz Block
25%
Monster Spawner
25%
Glowstone
25%
Magma Block
25%
Nether Quartz Ore
25%
Nether Wart
25%
Polished Basalt
25%
Smooth Basalt
25%
Smooth Quartz Block
25%
Twisting Vines
25%
Wart Block
25%
Weeping Vines
25%
Chain
13%
Cracked Polished Blackstone Bricks
13%
Crimson Roots
13%
Crying Obsidian
13%
Fungus
13%
Polished Blackstone Bricks
13%
Shroomlight
13%
Warped Roots
13%
Fence
0%
Nether Sprouts
0%
Nether Wart Blocks
0%
Nylium
0%
Quartz Bricks
0%
Quartz Pillar
0%
Respawn Anchor
0%
Wooden Fence
0%
No matching quizzes found
Score Distribution
Percent of People with Each Score
Percentile by Number Answered
Your Score History
You have not taken this quiz